1618 1529 1517 1274 1508 1418 1970 1531 1207 1379 1100 1248 1298 1131 1648 1543 1713 1230 1071 1613 1702 1076 1552 1638 1580 1798 1949 1971 1062 1638 1709 1976 1252 1651 1712 1904 1294 1084 1589 1607 1739 1848 1451 1935 1921 1224 1754 1050 1407 1330 1965 1532 1215 1106 1338 1972 1117 1765 1638 1082 1272 1187 1507 1032 1938 1032 1598 1161 1180 1617 1980 1595 1408 1665 1059 1605 1053 1358 1028 1475 1754 1869 1072 1165 1298 1772 1371 1375 1727 1826 1788 1117 1223 1402 1866 1218 1386 1971 1118 BCNSPRNW ULIB Ver.6.0+V

เปลี่ยนเป็นภาษาไทย

Change to English
 แสดงรายละเอียดบรรณานุกรม
  กลับหน้าหลัก

Brief Record : Get Marc (ISO 2709) : E-mail record : QR code < ปิดหน้าต่าง
LEADER : 00000nam 2200000uu 4500
001    13399123042
003     ULIB
008    131128s2555||||th 000 0 tha d
020    ^a9786162142932
090    ^aนว.^bพ187พ ล.39
100 0  ^aพนมเทียน
245 10 ^aเพชรพระอุมา: นาคเทวี เล่ม 3/^cพนมเทียน
250    ^aพิมพ์รวมเล่มครั้งที่ 6
260    ^aกรุงเทพฯ :^bณ บ้านวรรณกรรม,^c2555
300    ^a342 หน้า
505 00 ^a^gล.1-4^tไพรมหากาฬ --^gล.5-8^tดงมรณะ -- ^gล.9-12^tจอมผีดิบมันตรัย -- ^gล.13-16^tอาถรรพณ์นิทรานคร -- ^gล.17-20^tป่าโลกล้านปี -- ^gล.21-24^tแงซายจอมจักรา -- ^gล.25-28^tจอมพราน -- ^gล.29-32^tไอ้งาดำ -- ^gล.33-36^tจิตรางคนางค์-- ^gล.37-40^tนาคเทวี -- ^gล.41-44^tแด่ปางบรรพ์ -- ^gล.45-48^tมงกุฎไพร
650  4 ^aนวนิยายไทย
945    ^p225^l0^i034243
999    ทศพร
รายการนี้ยังไม่มีแท็ก
คุณยังไม่ได้ล็อกอิน คุณสามารถมีกิจกรรมร่วมกับเว็บไซต์ได้ แต่ต้องล็อกอินก่อน ::
  ล็อกอิน

รายการสื่อสารสนเทศ

ลำดับที่ ประเภท เลขเรียก/บาร์โค้ด สถานที่ สถานะ
1. นวนิยาย
นวนิยาย
นว. พ187พ ล.39 ฉ.1 
  Barcode: 034243
ห้องสมุดวิทยาเขตสวรรค์ประชารักษ์
►นวนิยาย
บนชั้น
  ขอยืม

รายการใกล้เคียง
    ผู้แต่ง [พนมเทียน]

    หัวเรื่อง [นวนิยายไทย]

BibComment


ยังไม่เคยถูกคอมเมนท์

คอมเมนท์ทรัพยากรรายการนี้
  คอมเมนท์: เพชรพระอุมา นาคเ..


 Copyright 2026. Bcnsprnw @Library